Najbogatsze powiaty Polski. - Statystyki

Ogólne statystyki
  • Ten quiz został rozwiązany 55 razy
  • Średni wynik to 8 z 10
Statystyki odpowiedzi
Nr. Województwo Odpowiedź % Poprawnych
1 Mazowieckie Warszawa
100%
9 Małopolskie Kraków
94%
6 Wielkopolskie Poznań
94%
7 Dolnośląskie Wrocław
90%
10 Śląskie Katowice
88%
4 Pomorskie Sopot
85%
5 Mazowieckie Pruszkowski
71%
8 Dolnośląskie Wrocławski
71%
2 Mazowieckie Warszawski-Zachodni
67%
3 Mazowieckie Piaseczyński
56%
Nie znaleziono quizów pasujących do podanych kryteriów
Rozkład punktacji
Procent ludzi z każdym wynikiem
Percentyl według liczby udzielonych odpowiedzi
Twoja historia wyników
Nie rozwiązałeś tego quizu